1933 1282 1621 1489 1476 1860 1016 1117 1058 1402 1730 1194 1105 1470 1668 1287 1681 1700 1395 1377 1159 1290 1336 1390 1957 1521 1151 1970 1838 1083 1363 1106 1939 1347 1995 1205 1962 1329 1903 1692 1510 1546 1928 1919 1956 1271 1372 1363 1184 1645 1433 1332 1345 1692 1381 1107 1596 1553 1169 1290 1474 1443 1940 1158 1515 1302 1653 1343 1297 1246 1419 1569 1008 1540 1594 1303 1390 1915 1553 1454 1876 1017 1391 1527 1396 1366 1128 1831 1057 1315 1200 1719 1365 1921 1706 1986 1130 1109 1363 BCNSPRNW ULIB Ver.6.0+V

เปลี่ยนเป็นภาษาไทย

Change to English
 แสดงรายละเอียดบรรณานุกรม
  กลับหน้าหลัก

Brief Record : Get Marc (ISO 2709) : E-mail record : QR code < ปิดหน้าต่าง
LEADER : 00000nam 2200000uu 4500
001    13399110650
003     ULIB
008    110607s2007||||th 000 0 eng d
020    9789741108176
060 04 WS39^bA111a 2007
100 0  Aree Prohmmo
245 10 Adolescent health and development situation in Thailand /^cAree Prohmmo
250    1st ed.
260    Nakhon Pathom :^bInstitute for Population and SocialResearch, Mahidol University,^c2007
300     xi, 94p. :^bill. ;^c26 cm.
490 1  Publication / Institute for Population and Social Research,Mahidol University ;^vno.336
504    Includes bibliographical references
650  2 Adolescent Health Services
650  2 Health
650  2 Health Behavior^xadolescent^zThailand
650  2 Adolescent Development^zThailand
710 2  Mahidol University. ^bInstitute for Population and SocialResearch
830  0 Publication (Mahidol University. Institute for Populationand Social Research;^vno.336
945    ^p0^l0^i023224
995    Tossapron
999 ^a ใช้งานได้ทุกระบบ
รายการนี้ยังไม่มีแท็ก
คุณยังไม่ได้ล็อกอิน คุณสามารถมีกิจกรรมร่วมกับเว็บไซต์ได้ แต่ต้องล็อกอินก่อน ::
  ล็อกอิน

รายการสื่อสารสนเทศ

ลำดับที่ ประเภท เลขเรียก/บาร์โค้ด สถานที่ สถานะ
- ไม่พบข้อมูล -

รายการใกล้เคียง
    หัวเรื่อง [Adolescent Health Services]
    หัวเรื่อง [Health]

BibComment


ยังไม่เคยถูกคอมเมนท์

คอมเมนท์ทรัพยากรรายการนี้
  คอมเมนท์: Adolescent health..


 Copyright 2026. Bcnsprnw @Library